00438cam a22001337a 4500008004000000082001700040245009100057260002900148300001000177440001000187500001300197650005500210700003900265180718b1960   xxu||||| |||| 00| 0 eng d  aA6x43 G555/3  aEastern Germany: vol.3: Economic - a handbookcedtied by Goettingen Research Committee  aWuerzburgbHolznerc1960  a251p.  abibl.  aRs.25.20  aGermany(Democratic Republic) - Economic Conditions  aGoettingen Research Committee, ed.